Neodvedenie dane a poistného v znaleckých posudkoch
Porovnanie ekonomického a právneho pohľadu na vybraný problém s nadväznosťou na ekonomické riešenie pre účely ekonomického znaleckého dokazovania. Problematika neodvedenia dane a poistného. Problematika zvhýhodňovania veriteľa.
Saved in:
| Main Author: | |
|---|---|
| Format: | Book Chapter |
| Language: | Slovak |
| Subjects: | |
| Tags: |
No Tags, Be the first to tag this record!
|
MARC
| LEADER | 00000naa a2200000 4500 | ||
|---|---|---|---|
| 001 | 0237993 | ||
| 005 | 20240502073841.4 | ||
| 041 | 0 | |a slo | |
| 044 | |a SK | ||
| 245 | 1 | 0 | |a Neodvedenie dane a poistného v znaleckých posudkoch |c Daniela Rybárová |
| 520 | |a Porovnanie ekonomického a právneho pohľadu na vybraný problém s nadväznosťou na ekonomické riešenie pre účely ekonomického znaleckého dokazovania. Problematika neodvedenia dane a poistného. Problematika zvhýhodňovania veriteľa. | ||
| 610 | 2 | 0 | |a znalectvo |
| 610 | 2 | 0 | |a činy trestné |
| 610 | 2 | 0 | |a legislatíva |
| 610 | 2 | 0 | |a dane |
| 610 | 2 | 0 | |a poistné |
| 100 | 1 | |a Rybárová, Daniela, 1967- | |